000 01714 a2200193 4500
001 30026
005 20260407155611.0
008 260407a1972 arg spa d
003 AR-UNSa-BCEJYS
040 _aAR-UNSa-BCEJYS
_bspa
_cAR-UNSa-BCEJYS
080 _a657.47
_xContabilidad de Costos
245 1 0 _aCosto industrial y control presupuestario
264 1 _aBuenos Aires :
_bEdiciones Macchi
_c1972
300 _a394 p.
_c22 cm.
505 _a1. Fines del costo - 2. Organigrama - 3. Plan de cuentas - 4. Asientos necesario para contabilizar los movimientos entre las cuentas de patrimonio y resultado - 5. Contablizacion de las leyes sociales y de retenciones - 6. Control de los materiales - 7. Control de la mano de obra - 8. Control de los bienes de uso o de activos fijos - 9. Los gastos de fabricación - 10. La departamentalización - 11. Clasificación de los gastos según su variabilidad - 12. La mano de obra directa - 13. Distribución de los gastos de los departamentos de servicios - 14. Determinación del costo - 15. Costo de fabricación - 16. Costo estándar - 17. Costo directo - 18. Costo por orden de elaboración - 19. Departamentalización teórica - 20. Costo presupuestario - 21. La influencia de la inflación - 22. Control presupuestario - 23. La estacionalidad de las ventas - 24. Gastos y costos - 25. Empleo del costo directo para la planificación de la ganancia - 26. El plan de porducción o el presupuesto de producción - 27. Presupuesto de compras - 28. Prespuesto de bienes de uso - 29. Influencia del rendimiento - 30. Prespuesto financiero - 31. Presupuesto definitivo
942 _cBK
590 _aniveau_biblio:m niveau_hierar:0
100 1 _aSinger Jonker, Guillermo
999 _c1996
_d1996